[Event "FRA-chT U20 0809"]
[Site "Sautron"]
[Date "2009.01.03"]
[Round "5.10"]
[White "Rey, Gaetan"]
[Black "Cora, Andrea"]
[Result "1-0"]
[WhiteElo "1650"]
[BlackElo "1009"]
[PlyCount "47"]
[EventDate "2008.10.??"]
[EventType "team-tourn"]
[EventRounds "11"]
[EventCountry "FRA"]
[SourceTitle "EXT 2010"]
[Source "ChessBase"]
[SourceDate "2010.11.25"]
[SourceVersion "1"]
[SourceVersionDate "2010.11.25"]
[SourceQuality "1"]

1. e4 e5 2. Nf3 Nc6 3. Bc4 Nf6 4. d4 exd4 5. 0-0 Bc5 6. Bg5 Nxe4 7. Bxd8 Kxd8 8. Re1 d6 9. Rxe4 Be6 10. Bxe6 fxe6 11. Rxe6 Re8 12. Rxe8+ Kxe8 13. Nbd2 b5 14. Nb3 Bb4 15. Qe2+ Ne5 16. Nxe5 dxe5 17. Qxb5+ c6 18. Qxc6+ Kd8 19. Qxa8+ Kc7 20. Qxa7+ Kc6 21. a3 e4 22. axb4 d3 23. Ra6+ Kd5 24. Qc5# 1-0